Đất Việt yêu thương : Tiểu thuyết
Gespeichert in:
| 1. Verfasser: | |
|---|---|
| Format: | Buch |
| Sprache: | Undetermined |
| Veröffentlicht: |
Hà Nội
Thanh niên
2011
|
| Schlagworte: | |
| Tags: |
Tag hinzufügen
Keine Tags, Fügen Sie den ersten Tag hinzu!
|
| Thư viện lưu trữ: | Trung tâm Học liệu Trường Đại học Cần Thơ |
|---|
| LEADER | 00630nam a2200217Ia 4500 | ||
|---|---|---|---|
| 001 | CTU_175819 | ||
| 008 | 210402s9999 xx 000 0 und d | ||
| 020 | |c 99000 | ||
| 082 | |a 895.92234 | ||
| 082 | |b K310 | ||
| 100 | |a Kiều, Ngọc Kim | ||
| 245 | 0 | |a Đất Việt yêu thương : | |
| 245 | 0 | |b Tiểu thuyết | |
| 245 | 0 | |c Kiều Ngọc Kim | |
| 260 | |a Hà Nội | ||
| 260 | |b Thanh niên | ||
| 260 | |c 2011 | ||
| 650 | |a Vietnamese fiction,Tiểu thuyết Việt Nam | ||
| 650 | |y 21st century,Thế kỷ 21 | ||
| 904 | |i Hải | ||
| 980 | |a Trung tâm Học liệu Trường Đại học Cần Thơ | ||